Teacher-made tests.

Bibliographic Details
Main Author: Green, John A.
Format: Book
Language:English
Published: New York : Harper & Row, [1963]
Subjects:

MARC

Tag First Indicator Second Indicator Subfields
LEADER 00000cam a22000001 4500
001 in00000084642
005 20151008053201.0
008 730220s1963 nyua 00000 eng
010 |a  63011297  
035 |a (OCoLC)00187349 
035 |9 AAH6561AM 
040 |a DLC  |c DLC  |d TXA  |d UtOrBLW 
049 |a TXAM  |c [414191] 
050 0 0 |a LB3051  |b .G67 
082 0 |a 371.26 
092 |a 371.26  |b G796t, 1963 
100 1 |a Green, John A. 
245 1 0 |a Teacher-made tests. 
264 1 |a New York :  |b Harper & Row,  |c [1963] 
300 |a 141 pages :  |b illustrations ;  |c 21 cm. 
336 |a text  |b txt  |2 rdacontent 
337 |a unmediated  |b n  |2 rdamedia 
338 |a volume  |b nc  |2 rdacarrier 
650 0 |a Educational tests and measurements. 
999 |a MARS 
999 f f |s a319dac6-388c-3e4a-a72b-e06b2f05640f  |i b4f65054-502d-3a06-bafe-0f3e84bc35a7  |t 0 
952 f f |p normal  |a Texas A&M University  |b College Station  |c Sterling C. Evans Library  |d Evans: Library Stacks  |t 0  |e LB3051 .G67  |h Library of Congress classification  |i unmediated -- volume  |m A14800833133 
998 f f |a LB3051 .G67  |t 0  |l Evans: Library Stacks